Datum a čas kvízu
27.5
Celkem bodů
Celkový počet nahraných bodů na tomto kvízu bez doplňovacích otázek.
3.
Pořadí na kvízu
Konečné umístění týmu na tomto kvízu.
Zaznamenané odpovědi
| # | Otázka | Odpověď | Body | Výsledky |
|---|---|---|---|---|
| 1. | V úterý vydalo jedno politické... | SPD; Plzeňský Prazdroj (Pilsner Urquell) | 0.5 | |
| 2. | 64letý exprezident jedné země,... | o Jižní Koreji (Korejské republice) | 1 | |
| 3. | Dcera jedné již nežijící hudeb... | Jackson | 0 | |
| 4. | Minulý týden ohlásila jedna če... | Benu | 1 | |
| 5. | Minulý týden se v Singapuru ko... | o plavání (plaveckých sportech) | 1 | |
| 6. | V tématu se zaměříme na nejrůz... | v Japonsku | 1 | |
| 7. | Stánků s langoši bylo v devade... | Starej fotr | 0 | |
| 8. | Instantní fotoaparáty se nejvě... | Polaroid, Instax | 1 | |
| 9. | Nejdříve trendy doplněk, pozdě... | Bella Hadid | 0 | |
| 10. | Gramofonovým deskám leckdo pře... | long play | 1 |